000 01874nam a22002777a 4500
005 20110628104948.0
010 _aENG-102848 B-456946-950
020 _a9788124115862
_c595.00
035 _aEN-86381 B-456946-950
037 _bDBAD/PUB
037 _bK.K.Pub/Ven
100 _aLundquist, Jacqueline
_951415
245 _aLetters from Vietnam :
_cby Jacqueline Lundquist [and] Lundquist Donald C.
_ba daughter's search for her father /
260 _aNew Delhi
_bHar Anand Publications
_c2011
270 _aE-49/3,Okhla Industrial Area,Phase-II,
_bNew Delhi
_e110020
300 2 _a180p. :
_c22cm (Hb)
_bcol.photos
700 _928907
_aLundquist ,Donald C.
942 _2ddc
_cEN
_mLUN
_h959.704092
999 _c53319
_d53319